[Event "Baku op"]
[Site "Baku"]
[Date "2017.11.13"]
[Round "1"]
[White "Babrak, Osman"]
[Black "Bogdanovich, Stanislav"]
[Result "0-1"]
[WhiteElo "1720"]
[BlackElo "2583"]
[PlyCount "82"]
[EventDate "2017.11.13"]
[EventType "swiss"]
[EventRounds "9"]
[EventCountry "AZE"]
[SourceTitle "CBM 181 Extra"]
[Source "ChessBase"]
[SourceDate "2017.12.12"]
[SourceVersion "1"]
[SourceVersionDate "2017.12.12"]
[SourceQuality "1"]

1. e4 c5 2. f4 d5 3. exd5 Nf6 4. Bb5+ Bd7 5. Bxd7+ Qxd7 6. c4 e6 7. dxe6 Qxe6+ 8. Qe2 Nc6 9. Nc3 Nb4 10. Kd1 0-0-0 11. Qxe6+ fxe6 12. Nf3 Bd6 13. g3 Rhe8 14. a3 Nc6 15. b3 e5 16. fxe5 Bxe5 17. Bb2 Bxc3 18. Bxc3 Re3 19. Bxf6 gxf6 20. Rf1 Rxb3 21. Ne1 Rb2 22. Nc2 Na5 23. Kc1 Rb6 24. Rb1 Nb3+ 25. Rxb3 Rxb3 26. Rxf6 Rbd3 27. Rf2 b6 28. a4 Kb7 29. Ne3 R8d7 30. Nd5 Rd4 31. Rf4 Rxf4 32. gxf4 Kc6 33. Ne3 Rd4 34. f5 Kd6 35. Kd1 Rh4 36. Ke2 Rxh2+ 37. Kf3 Rxd2 38. Kf4 h6 39. Kf3 Rd3 40. Kf4 Rxe3 41. Kxe3 Ke5 0-1